| 000 | 00460 a2200217 4500 | ||
|---|---|---|---|
| 260 | _bFAO | ||
| 245 | _aLe Lait et les produits laitiers dans la nutrition humaine | ||
| 300 | _a271p. | ||
| 260 | _aRome | ||
| 260 | _c1995 | ||
| 130 | _lFr. | ||
| 710 | _aFAO | ||
| 690 | _alait | ||
| 690 | _aproduit laitier | ||
| 690 | _anutrition | ||
| 690 | _aconsommation | ||
| 690 | _acomposition | ||
| 020 | _a92-5-203534-6 | ||
| 999 |
_c20675 _d20675 |
||